Sueños espaciales listos para despegar : guía para el trabajo de la autoestima /

Detalles Bibliográficos
Autores principales: Guartatanga Rodríguez, José Gerardo (Autor), Moyano Moyano, Mario Eduardo (Autor)
Formato: Electrónico eBook
Lenguaje:español
Publicado: Cuenca, Ecuador : Universidad del Azuay, Casa Editora, [2022]
Colección:Homo (Universidad del Azuay, Casa Editora)
Materias:
Acceso en línea:Digitalia Hispánica

MARC

LEADER 00000nam a2200000 i 4500
001 DIGUAZUAY0176
003 NyNyDIG
007 cr |||||||||||
008 260116s2022 ec a ob 000 0 spa d
006 m o d
035 |a (OCoLC)1438853414 
040 |a DGITA  |b eng  |e rda  |e pn  |c DGITA 
020 |a 9789942847898  |q eBook 
020 |z 9789942847881 
050 1 4 |a BF723.S3 ebook 
100 1 |a Guartatanga Rodríguez, José Gerardo,  |e author. 
245 1 0 |a Sueños espaciales listos para despegar :  |b guía para el trabajo de la autoestima /  |c José Gerardo Guartatanga Rodríguez, Mario Eduardo Moyano Moyano. 
264 1 |a Cuenca, Ecuador :  |b Universidad del Azuay, Casa Editora,  |c [2022] 
300 |a 1 online resource :  |b color illustrations. 
336 |a text  |b txt  |2 rdacontent 
337 |a computer  |b c  |2 rdamedia 
338 |a online resource  |b cr  |2 rdacarrier 
347 |a text file  |2 rdaft 
347 |b PDF 
490 1 |a Homo 
504 |a Includes bibliographical references. 
588 0 |a Online resource; title from PDF title page (Digitalia, viewed January 16, 2026) 
650 0 |a Self-esteem in children  |x Study and teaching  |x Activity programs. 
700 1 |a Moyano Moyano, Mario Eduardo,  |e author. 
791 2 |a Digitalia (Firm),  |e distributor. 
793 0 |g Digitalia eBook Collection:  |a Universidad del Azuay 
776 0 8 |i Print version:  |a Guartatanga Rodríguez, José Gerardo.  |t Sueños espaciales listos para despegar.  |d Cuenca, Ecuador : Universidad del Azuay, Casa Editora, [2022]  |z 9789942847881 
830 0 |a Homo (Universidad del Azuay, Casa Editora) 
856 4 0 |3 Digitalia Hispánica  |u https://www.digitaliapublishing.com/a/133561/ 
910 |a Premium collection: 2026